[Event "SRB-chT2 West"]
[Site "Serbia"]
[Date "2007.09.16"]
[Round "2.2"]
[White "Obradovic, Blazimir"]
[Black "Djuricic, Toma"]
[Result "1-0"]
[WhiteElo "2235"]
[BlackElo "2216"]
[PlyCount "75"]
[EventDate "2007.09.09"]
[EventType "team"]
[EventRounds "11"]
[EventCountry "SRB"]
[SourceTitle "EXT 2012"]
[Source "ChessBase"]
[SourceDate "2011.11.24"]
[SourceVersion "1"]
[SourceVersionDate "2011.11.24"]
[SourceQuality "1"]
[WhiteTeam "Morava"]
[BlackTeam "Ljig Spartak"]
[WhiteTeamCountry "SRB"]
[BlackTeamCountry "SRB"]

1. d4 Nf6 2. c4 g6 3. Nc3 d5 4. cxd5 Nxd5 5. e4 Nxc3 6. bxc3 Bg7 7. Bc4 c5 8. Ne2 Nc6 9. Be3 cxd4 10. cxd4 0-0 11. 0-0 Na5 12. Bd3 b6 13. Rc1 Bb7 14. Qd2 Qd7 15. Qb4 e6 16. Bb5 Bc6 17. Rxc6 Nxc6 18. Qa4 Rac8 19. Rc1 Qb7 20. Bxc6 Qe7 21. d5 Rfd8 22. g3 exd5 23. exd5 Bb2 24. Rc4 Be5 25. Re4 Qf6 26. Nd4 Rc7 27. Kg2 Re7 28. Nf3 Qd6 29. Nxe5 Rxe5 30. Bf4 Rxe4 31. Qxe4 Qa3 32. Bc7 Rf8 33. d6 Qxa2 34. d7 Qd2 35. Qe7 Qc3 36. Qxf8+ Kxf8 37. d8Q+ Kg7 38. Qd5 1-0

[Event "Bela Crkva 8th op"]
[Site "Bela Crkva"]
[Date "1989.06.24"]
[Round "8"]
[White "Obradovic, Blazimir"]
[Black "Tosic, Miroslav"]
[Result "0-1"]
[WhiteElo "2240"]
[BlackElo "2425"]
[PlyCount "136"]
[EventDate "1989.06.17"]
[EventType "swiss"]
[EventRounds "11"]
[EventCountry "YUG"]
[SourceTitle "EXT 2002"]
[Source "ChessBase"]
[SourceDate "2001.11.25"]
[SourceVersion "1"]
[SourceVersionDate "2001.11.25"]
[SourceQuality "1"]

1. d4 Nf6 2. c4 d6 3. Nc3 Nbd7 4. e4 e5 5. Nf3 c6 6. Be2 Be7 7. 0-0 0-0 8. Qc2 a6 9. Rd1 Qc7 10. h3 b5 11. Be3 Bb7 12. Rac1 b4 13. Nb1 exd4 14. Nxd4 g6 15. Nd2 Rfe8 16. f4 Bf8 17. Bf3 Nc5 18. Ne2 Nfd7 19. Nf1 a5 20. b3 a4 21. Bd4 axb3 22. axb3 Ne6 23. Bb2 Ra2 24. Ra1 Rea8 25. Rxa2 Rxa2 26. Nc1 Ra8 27. g3 Qb6+ 28. Qf2 Qc7 29. Kg2 Re8 30. Qd2 Ndc5 31. Ne3 h5 32. h4 Ng7 33. e5 dxe5 34. Bxe5 Qe7 35. Nc2 Nf5 36. Qxb4 Qe6 37. Qc3 f6 38. Nd4 Nxd4 39. Bxd4 Ne4 40. Qd3 c5 41. Bb2 Bc6 42. Ne2 Ng5 43. Bxc6 Qxc6+ 44. Kf1 Qh1+ 45. Ng1 Ne4 46. Bxf6 Nxf6 47. Qxg6+ Bg7 48. Rd7 Re1+ 49. Kxe1 Qxg1+ 50. Ke2 Qg2+ 51. Ke1 Nxd7 52. Qe6+ Kh8 53. Qe8+ Nf8 54. Qxh5+ Nh7 55. Qe8+ Nf8 56. Qh5+ Kg8 57. Qd5+ Qxd5 58. cxd5 Nd7 59. Ke2 Nf6 60. Kd3 Bf8 61. Kc4 Kf7 62. f5 Ke8 63. h5 Kd7 64. h6 Kd6 65. h7 Nxh7 66. b4 cxb4 67. Kxb4 Kxd5+ 68. Kb5 Nf6 0-1

[Event "Bela Crkva 8th op"]
[Site "Bela Crkva"]
[Date "1989.06.21"]
[Round "5"]
[White "Obradovic, Blazimir"]
[Black "Petronic, Jovan"]
[Result "1-0"]
[WhiteElo "2240"]
[BlackElo "2345"]
[PlyCount "105"]
[EventDate "1989.06.17"]
[EventType "swiss"]
[EventRounds "11"]
[EventCountry "YUG"]
[SourceTitle "EXT 2002"]
[Source "ChessBase"]
[SourceDate "2001.11.25"]
[SourceVersion "1"]
[SourceVersionDate "2001.11.25"]
[SourceQuality "1"]

1. d4 Nf6 2. c4 c5 3. d5 b5 4. cxb5 a6 5. bxa6 Bxa6 6. Nc3 d6 7. Nf3 g6 8. g3 Bg7 9. Bg2 0-0 10. 0-0 Nbd7 11. Qc2 Qb6 12. h3 Rfb8 13. Rb1 Ra7 14. b3 Ne8 15. Re1 Nc7 16. e4 Nb5 17. Nxb5 Bxb5 18. Bf1 Bxf1 19. Kxf1 Qa6+ 20. Re2 Rba8 21. a3 Rb7 22. Nd2 Rab8 23. Nc4 Ne5 24. Nxe5 Bxe5 25. g4 Rb6 26. Kg2 Bd4 27. Rd2 Be5 28. Rd3 Qb7 29. Qc4 Rc8 30. Rf3 Qd7 31. Bd2 Ra8 32. b4 cxb4 33. Rxb4 Rba6 34. Bh6 Qd8 35. a4 R6a7 36. Rfb3 Bg7 37. Be3 Rd7 38. Bb6 Qe8 39. a5 e6 40. dxe6 fxe6 41. a6 d5 42. exd5 exd5 43. Qd3 Qe6 44. a7 Bf8 45. Rb5 h5 46. gxh5 gxh5 47. Bd4 Rf7 48. Qg3+ Kh7 49. Re3 Qd7 50. Rb6 Rg7 51. Bxg7 Qxg7 52. Qxg7+ Bxg7 53. Rb7 1-0